Представление документа в формате RUSMARC

ПолеНазваниеЗначение
  Тип записи a
  Библиографический уровень a
001 Контрольный номер RU/CBS_Ul/BASE/499431701
005 Дата корректировки 20250122214507.3
100 Данные общей обработки __
a Данные общей обработки 20151029d2015 ||| 0rusy0189 ca
101 Язык документа 0_
a Язык текста rus
102 Страна публикации __
a Страна публикации RU
105 Кодированные данные (монография) __
a Кодированные данные (монография) y###||||000|y
181 Поле кодированных данных: вид содержания _1
a Код вида содержания (ISBD) i#
b Код характеристики содержания (ISBD) #xxe##
d i
g x
h x
i e
2 Код системы (источник кода, отличный от ISBD) isbdcontent
182 Поле кодированных данных: тип средства _1
a Код типа средства (ISBD) n
2 Код системы (источник кода, отличный от ISBD) isbdmedia
200 Заглавие и сведения об ответственности 1_
a Заглавие Человек рассеянный с улицы Бассейной...
b Общее обозначение материала Текст
e Сведения, относящиеся к заглавию [в Воронеже откроют первый в мире памятник Маршаку]
f Первые сведения об ответственности Т. Ткачёва
w Текст (визуальный) : непосредственный
203 Вид содержания и тип средства __
a Вид содержания Текст
b Характеристика содержания визуальный
c Тип средства непосредственный
300 Общие примечания __
a Общие примечания Ограничения по возрасту - 16+
461 Уровень набора _0
1 2000
a Российская газета
463 Уровень физической единицы _0
1 001RU/CBS_Ul/BASE/499430531
1 2000
a № 243 (28 окт.)
v С. 13
1 210
d 2015
600 Персоналии _0
a Персоналии (Фамилия) Маршак
b Персоналии (Имя, инициалы) С. Я.
606 Тематические рубрики 0_
a Основная рубрика Маршак, Самуил Яковлевич (1887 - 1964) - Памятные места - Воронеж, город
y Географическая подрубрика Воронеж, город
610 Ключевые слова 0_
a Ключевые слова поэзия
610 Ключевые слова 0_
a Ключевые слова советская поэзия
610 Ключевые слова 0_
a Ключевые слова детская советская поэзия
610 Ключевые слова 0_
a Ключевые слова поэты
610 Ключевые слова 0_
a Ключевые слова детские поэты
610 Ключевые слова 0_
a Ключевые слова увековечение памяти
610 Ключевые слова 0_
a Ключевые слова памятники
686 Индексы других классификаций __
a Классификационный индекс 83.3(2Рос=Рус)6
2 Код системы ББК
700 Автор _1
a Фамилия Ткачёва
b Имя (инициалы) Т.
801 Источник записи _0
a Страна RU
b Организация МБУК ЦБС г. Ульяновска
c Дата составления 20151029
g Правила каталогизации RCR
801 Источник записи _1
a Страна RU
b Организация МБУК ЦБС г. Ульяновска
c Дата составления 20151029
g Правила каталогизации RCR
901 Тип документа __
t Тип документа f
w Контрольный № источника RU/CBS_Ul/BASE/499430531
910 Корректоры записи __
a Корректор записи admin2
938 Служебная информация __
a Имя БД period